000
00287nam a22001217a 4500
999
_c
4513
_d
4513
008
250226b ||||| |||| 00| 0 eng d
020
_a
9780141193663
082
_a
823.93 DIC
100
_a
DICKENS,CHARLES
_e
AUTHOR
245
_a
A CHRISTMAS CAROL
260
_b
PENGUIN GROUP
942
_2
ddc